Things for boys and girls to make and grow: Suggestions of things for boys and girls to make indoors during wet days or long, dark evenings; and plants to grow without an outdoor garden (Record no. 1335855)

MARC details
000 -LEADER
fixed length control field 00598nam a2200169Ia 4500
005 - DATE AND TIME OF LATEST TRANSACTION
control field 20250508152342.0
008 - FIXED-LENGTH DATA ELEMENTS--GENERAL INFORMATION
fixed length control field 008 250505s9999 xx 000 0 eng d
037 ## - SOURCE OF ACQUISITION
Stock number Textual
040 ## - CATALOGING SOURCE
Original cataloging agency FEDL
Language of cataloging eng
Transcribing agency FEDL
041 ## - LANGUAGE CODE
Language code of text/sound track or separate title eng
Source of code eng
084 ## - COLON CLASSIFICATION NUMBER
Classification number 745.5, KIN
Assigning agency FEDL
100 ## - MAIN ENTRY--PERSONAL NAME
Personal name King Alan John
9 (RLIN) 761264
245 #0 - TITLE STATEMENT
Title Things for boys and girls to make and grow: Suggestions of things for boys and girls to make indoors during wet days or long, dark evenings; and plants to grow without an outdoor garden
300 ## - PHYSICAL DESCRIPTION
Extent 123p.
942 ## - ADDED ENTRY ELEMENTS (KOHA)
Koha item type Textual
Classification part 745.5, KIN
Holdings
Withdrawn status Lost status Damaged status Not for loan Home library Current library Date acquired Total Checkouts Full call number Barcode Date last seen Price effective from Koha item type
        Department of Education Library Department of Education Library 2025-05-08   745.5, KIN EL0017774 2025-05-08 2025-05-08 Textual
Copyright @ Delhi University Library System